000 00635nam a22001817a 4500
008 160725b xxu||||| |||| 00| 0 eng d
020 _a978-0-230-00637-9
082 _22007
_aDC 320.3
_bH12c
100 _911895
_aHague, Rod
245 _aComparative government and politics :
_ban introduction/
_cRod Hague and Martin Harrop.
250 _a7th edition
260 _aNew York :
_bPalgrave Macmillan,
_cc2007.
300 _axvii, 434 pages :
_billustrations ;
_c25 cm.
500 _aIncludes bibliographical references and index.
650 0 _911897
_aComparative government.
700 _911898
_aHarrop, Martin.
942 _2ddc
_cDC
999 _c3572
_d3572